LEADER 01383nam a2200313 u 4500 001 000000048666 003 CaOOAMICUS 005 20070226115026.0 008 000524s2000 it u000 u ita u 020 $a8846418379 035 $a10848396 040 $aPUL$bita$dPUL(R) 041 0 $aita$aeng$afre 245 00$aMillenarismi nella cultura contemporanea :$bcon un'appendice su yovel ebraico e giubileo cristiano /$ca cura di Enrico I. Rambaldi. 260 $aMilano :$bFranco Angeli,$cc2000. 300 $a247 p. ;$c23 cm 490 1 $aFilosofia e scienza nel Cinquecento e nel Seicento 500 $aTesti in italiano, francese, inglese. 504 $aBibliografia in nota. 650 4$aMillenarismo.$0(OLS)http://pul/subject/12163 700 1 $aRambaldi, Enrico I.$0(OLS)http://pul/name/35323 830 0$aFilosofia e scienza nel Cinquecento e nel Seicento.$0(OLS)http://pul/title/65570 850 $aPUL 852 $aPUL$W1$xSL Filosofia 1$y2$m96 F 90$j64789$nBK-PRI$b $qStampati$B64789$CPULBib$Z2$F64789 $H $81 941 1 $a8 961 $aINV: 81867 996 $6020$a8846418379$9(OLS)http://pul/number/61299 996 $6245$aMillenarismi nella cultura contemporanea :$bcon un'appendice su yovel ebraico e giubileo cristiano$9(OLS)http://pul/title/65569 996 $6260$aMilano :$bFranco Angeli$9(OLS)http://pul/publisher/52903 LEADER 01343nam a2200277 u 4500 001 000000004998 003 CaOOAMICUS 005 20070226104719.0 008 941010s1989 it u000 u ita u 035 $a10132478 040 $aPUL(R)$bita 100 1 $aGermanó, Remigia.$0(OLS)http://pul/name/5192 245 13$aLa teoria del sacrificio secondo René Girard /$cRemigia Germanó. 260 $aRoma :$bPontificia Università Lateranense,$c1989. 300 $a249, xiii p. ;$c25 cm 490 1 $aPontificia Universitas Lateranensis. Theses ad doctoratum in s. theologia 502 $aDiss. -- Pontificia Università Lateranense, 1989. 504 $aBibliografia: p. i-v. 600 14$aGirard, René,$cS.I.,$d1923-$xCritica e interpretazione.$0(OLS)http://pul/subject/4372 650 4$aSacrificio (teologia).$0(OLS)http://pul/subject/4373 830 0$aTheses ad doctoratum in s. theologia (Pontificia Università Lateranense).$0(OLS)http://pul/title/346 850 $aPUL 852 $aPUL$W1$xDP1 Tesi Pon Univ. Lateranense$y41$mTH PUL.THEOL 524$j6952$nBK-PRI$b $qTesi$B6952$CPULBib$Z2$F6952 $HPUL67248 $81 941 1 $a16 996 $6245$aLa teoria del sacrificio secondo René Girard$9(OLS)http://pul/title/7291 996 $6260$aRoma :$bPontificia Università Lateranense$9(OLS)http://pul/publisher/47963